000 01018nam a2200277 i 4500
001 179746
003 ES-MaACL
005 20230925161832.0
008 120117s2000 sp |||| | spa d
020 _a84-95418-08-8
080 _a821.134.2-82"19"
100 1 _aAub, Max,
_d1903-1972
_923783
245 1 0 _aSala de espera /
_c[Max Aub ; prólogo de Manuel Aznar Soler].
250 _aEd. facs.
260 _aSegorbe (Castellón) :
_bFundación Max Aub,
_c2000.
300 _a2 v. ;
_c24 cm.
500 _aAcceso a n. extraordinario de 19 de agosto de 1961.
505 8 _aContiene: 1. N. 1-10 (jun. 1948- marzo 1949) - 2. N. 11-20 (jun. 1949- marzo 1950)
534 _aReprod. de la ed. de: México : Gráf. Guanajuato, 1949-1951.
700 1 _aAznar Soler, Manuel.
_924318
710 2 _aFundación Max Aub.
_94367
852 4 _aES-MaACL
_jA-11829
_9186646
_cDEPO1
_dOlim: N-4834
852 4 _aES-MaACL
_jA-11830
_9200539
_cDEPO1
_dOlim: N-4835
_b146705
942 _2udc
_cMONOGRAFIA
999 _c179746
_d179746